[Event "Online Olym Div3 D"]
[Site "Chess.com INT"]
[Date "2021.08.27"]
[Round "1.5"]
[White "Lorenzo De Los Santos, Luis L"]
[Black "Hoffman, Alejandro"]
[Result "0-1"]
[WhiteElo "2111"]
[BlackElo "2459"]
[PlyCount "60"]
[EventDate "2021.08.27"]
[EventType "team-tourn (rapid)"]
[EventRounds "9"]
[EventCountry "USA"]
[SourceTitle "CBM 204 Extra"]
[Source "ChessBase"]
[SourceDate "2021.11.30"]
[SourceVersion "1"]
[SourceVersionDate "2021.11.30"]
[SourceQuality "1"]
[WhiteTeam "Dominican Republic"]
[BlackTeam "Uruguay"]
[WhiteTeamCountry "DOM"]
[BlackTeamCountry "URU"]

1. d4 c5 2. d5 g6 3. c4 Bg7 4. e4 d6 5. Nc3 Nf6 6. Bg5 h6 7. Bd2 0-0 8. Be2 e6 9. a4 exd5 10. cxd5 Re8 11. f3 Na6 12. Bb5 Bd7 13. Nge2 Nb4 14. 0-0 a6 15. Bxd7 Nxd7 16. Ng3 Qh4 17. f4 Nd3 18. Qe2 c4 19. b3 f5 20. bxc4 N3c5 21. Rab1 fxe4 22. Ncxe4 Bd4+ 23. Kh1 Nxe4 24. Nxe4 Nc5 25. Qd1 Rxe4 26. Rf3 Rae8 27. Rh3 Qf2 28. Rf3 Re1+ 29. Qxe1 Rxe1+ 30. Rxe1 Qxd2 0-1

[Event "Titled Tuesday intern op 19th May"]
[Site "Chess.com INT"]
[Date "2020.05.19"]
[Round "9"]
[White "Lorenzo De Los Santos, Luis L"]
[Black "Medvegy, Zoltan"]
[Result "1-0"]
[WhiteElo "2132"]
[BlackElo "2524"]
[PlyCount "69"]
[EventDate "2020.05.19"]
[EventType "swiss (blitz)"]
[EventRounds "10"]
[EventCountry "USA"]
[SourceTitle "EXT 2021"]
[Source "ChessBase"]
[SourceDate "2020.10.23"]
[SourceVersion "1"]
[SourceVersionDate "2020.10.23"]
[SourceQuality "1"]

1. d4 Nf6 2. c4 e5 3. dxe5 Ne4 4. Nd2 Bb4 5. a3 Bxd2+ 6. Bxd2 Nxd2 7. Qxd2 Nc6 8. Nf3 Qe7 9. Qd5 b6 10. e3 Bb7 11. Rd1 0-0-0 12. Qe4 f6 13. Rd5 Rhe8 14. Qxh7 Nxe5 15. Nxe5 Bxd5 16. Ng6 Qe4 17. cxd5 Qb1+ 18. Ke2 Kb8 19. h4 Rh8 20. Qxg7 Qxb2+ 21. Kf3 Rhg8 22. Qh6 Qxa3 23. Nf4 Qa1 24. g4 Qd1+ 25. Ne2 Qxd5+ 26. e4 Qe6 27. Bh3 d5 28. Qf4 dxe4+ 29. Qxe4 Qxe4+ 30. Kxe4 Rge8+ 31. Kf3 Rd3+ 32. Kf4 Rxe2 33. f3 Rf2 34. Rf1 Rdxf3+ 35. Ke4 1-0

[Event "Titled Tuesday intern op 19th May"]
[Site "Chess.com INT"]
[Date "2020.05.19"]
[Round "8"]
[White "Stachanczyk, Jacek"]
[Black "Lorenzo De Los Santos, Luis L"]
[Result "1-0"]
[WhiteElo "2146"]
[BlackElo "2132"]
[PlyCount "75"]
[EventDate "2020.05.19"]
[EventType "swiss (blitz)"]
[EventRounds "10"]
[EventCountry "USA"]
[SourceTitle "EXT 2021"]
[Source "ChessBase"]
[SourceDate "2020.10.23"]
[SourceVersion "1"]
[SourceVersionDate "2020.10.23"]
[SourceQuality "1"]

1. e4 c5 2. Nf3 e6 3. d4 cxd4 4. Nxd4 Nc6 5. c4 Nf6 6. Nc3 Bb4 7. Qd3 a6 8. Nxc6 bxc6 9. e5 Ng4 10. Qg3 Qa5 11. f4 Nh6 12. Bd2 Nf5 13. Qd3 0-0 14. g4 Nh4 15. Qg3 Ng6 16. Bd3 d5 17. exd6 Bxd6 18. 0-0-0 Rb8 19. Bc2 Qb4 20. Bb3 Qb7 21. h4 Qc7 22. Rhf1 a5 23. Ne4 Bb4 24. Be3 Ba6 25. h5 Ne7 26. h6 a4 27. hxg7 Kxg7 28. Bd4+ f6 29. Nxf6 Rxf6 30. g5 Ng6 31. gxf6+ Kf7 32. Qh3 Rh8 33. Qh6 Bf8 34. Qg5 axb3 35. axb3 c5 36. Be5 Qa5 37. Bc3 Qa2 38. Kc2 1-0

[Event "Santo Domingo op 08"]
[Site "Santo Domingo"]
[Date "2019.08.20"]
[Round "7"]
[White "Arias Diaz, Ernesto Antonio"]
[Black "Lorenzo De Los Santos, Luis L"]
[Result "0-1"]
[WhiteElo "1901"]
[BlackElo "2117"]
[PlyCount "62"]
[EventDate "2019.08.12"]
[EventType "swiss"]
[EventRounds "8"]
[EventCountry "DOM"]
[SourceTitle "EXT 2020"]
[Source "ChessBase"]
[SourceDate "2019.10.17"]
[SourceVersion "1"]
[SourceVersionDate "2019.10.17"]
[SourceQuality "1"]

1. e4 c5 2. Nc3 g6 3. h3 Bg7 4. g4 h5 5. g5 Nc6 6. d3 e6 7. Bg2 Nge7 8. Be3 b6 9. Nge2 Bb7 10. 0-0 d5 11. d4 cxd4 12. Nxd4 Nxd4 13. exd5 Ndf5 14. dxe6 Qxd1 15. exf7+ Kxf7 16. Raxd1 Bxg2 17. Kxg2 Rhd8 18. Bf4 Bxc3 19. bxc3 Rac8 20. Be5 Nh4+ 21. Kh1 Rxd1 22. Rxd1 Rc5 23. Bf6 Ra5 24. Rd7 Nhf5 25. c4 Rxa2 26. c3 Ke6 27. Rb7 Nc6 28. f4 Ng3+ 29. Kg1 Kf5 30. Rc7 Ke4 31. c5 Kf3 0-1

[Event "Santo Domingo op 08"]
[Site "Santo Domingo"]
[Date "2019.08.12"]
[Round "1"]
[White "Lorenzo De Los Santos, Luis L"]
[Black "Hernandez Lora, Miguel Angel"]
[Result "1-0"]
[WhiteElo "2117"]
[BlackElo "1820"]
[PlyCount "67"]
[EventDate "2019.08.12"]
[EventType "swiss"]
[EventRounds "8"]
[EventCountry "DOM"]
[SourceTitle "EXT 2020"]
[Source "ChessBase"]
[SourceDate "2019.10.17"]
[SourceVersion "1"]
[SourceVersionDate "2019.10.17"]
[SourceQuality "1"]

1. d4 Nf6 2. c4 e6 3. Nf3 Bb4+ 4. Bd2 Qe7 5. Nc3 0-0 6. e3 b6 7. Bd3 Bb7 8. 0-0 Bxc3 9. Bxc3 d6 10. Qc2 Nbd7 11. b4 e5 12. dxe5 Nxe5 13. Nxe5 dxe5 14. a4 Rfe8 15. a5 a6 16. b5 Qc5 17. Rfb1 axb5 18. Rxb5 Qc6 19. f3 e4 20. Be2 exf3 21. Bxf3 Ne4 22. Bd4 Qh6 23. Rh5 Qg6 24. a6 Bc6 25. Qb2 Re6 26. Rh4 Ng5 27. Bh5 Qd3 28. Be2 Qg6 29. Bh5 Qd3 30. Rd1 Qxc4 31. Rg4 f6 32. Bxf6 Qc5 33. Bxg5 h6 34. Bxh6 1-0

[Event "DOM-ch"]
[Site "Santo Domingo"]
[Date "2018.05.04"]
[Round "9"]
[White "Lorenzo De Los Santos, Luis L"]
[Black "De Jesus Rosa, Michel"]
[Result "1/2-1/2"]
[WhiteElo "2108"]
[BlackElo "2139"]
[PlyCount "157"]
[EventDate "2018.04.20"]
[EventType "swiss"]
[EventRounds "11"]
[EventCountry "DOM"]
[SourceTitle "CBM 184 Extra"]
[Source "ChessBase"]
[SourceDate "2018.06.28"]
[SourceVersion "1"]
[SourceVersionDate "2018.06.28"]
[SourceQuality "1"]

1. d4 Nf6 2. Nf3 e6 3. c4 b6 4. g3 Bb7 5. Bg2 Bb4+ 6. Bd2 Qe7 7. 0-0 Bxd2 8. Qxd2 d6 9. Qe3 0-0 10. Nc3 Nbd7 11. Rfd1 Rfe8 12. Nb5 Nf8 13. Rac1 a6 14. Nc3 Ng6 15. Rc2 Rab8 16. h3 Nh5 17. c5 f5 18. c6 Bc8 19. Qd3 d5 20. Ne5 Nf6 21. e3 Rf8 22. Ne2 Qd6 23. f4 Ra8 24. g4 Nh4 25. Bh1 a5 26. Nc3 Ba6 27. Qd2 Ne4 28. Qe1 Ng6 29. Bf3 Qe7 30. gxf5 Nxe5 31. dxe5 Nxc3 32. Rxc3 Rxf5 33. Kh2 Rd8 34. Rd4 g6 35. Rc2 Kh8 36. Qg3 Bb5 37. b3 Rdf8 38. Bg4 R5f7 39. a4 Ba6 40. h4 Bc8 41. Rf2 Qa3 42. e4 dxe4 43. Qe3 Qe7 44. Kg3 Qc5 45. Qxe4 Qc3+ 46. Qd3 Qxc6 47. Bf3 Qc1 48. Rf1 Qc5 49. Rd1 Qe7 50. Bc6 Qc5 51. Bf3 Kg7 52. Qb5 Qc3 53. Qc4 Qxc4 54. Rxc4 Ba6 55. Rcd4 h5 56. Bc6 Be2 57. R1d2 Bg4 58. R2d3 Bf5 59. Rd2 Re7 60. Kf3 Ref7 61. Ke3 Bg4 62. Rf2 Rf5 63. Rfd2 R5f7 64. Rf2 Rf5 65. Rfd2 R5f7 66. Rd7 Rxd7 67. Rxd7+ Rf7 68. Rd2 Rf8 69. Rd7+ Rf7 70. Rd2 Rf8 71. Bb5 Bf5 72. Bc4 Rf7 73. Bb5 Rf8 74. Rd4 Rf7 75. Bc6 Bg4 76. Kd2 Bf5 77. Kc3 Bg4 78. b4 axb4+ 79. Kxb4 1/2-1/2

[Event "DOM-ch"]
[Site "Santo Domingo"]
[Date "2018.04.27"]
[Round "5"]
[White "Lorenzo De Los Santos, Luis L"]
[Black "Guzman, Christopher"]
[Result "0-1"]
[WhiteElo "2108"]
[BlackElo "2286"]
[PlyCount "118"]
[EventDate "2018.04.20"]
[EventType "swiss"]
[EventRounds "11"]
[EventCountry "DOM"]
[SourceTitle "CBM 184 Extra"]
[Source "ChessBase"]
[SourceDate "2018.06.28"]
[SourceVersion "1"]
[SourceVersionDate "2018.06.28"]
[SourceQuality "1"]

1. d4 Nf6 2. Nf3 e6 3. c4 Bb4+ 4. Bd2 a5 5. g3 b6 6. Bg2 Bb7 7. 0-0 0-0 8. Bf4 Bd6 9. Qc1 Qe7 10. Nc3 Bxf4 11. Qxf4 d6 12. e4 Nfd7 13. e5 dxe5 14. dxe5 Nc5 15. h4 Nc6 16. Rad1 Rad8 17. Qe3 h6 18. Ne4 Nxe4 19. Qxe4 a4 20. Qc2 Qb4 21. a3 Qa5 22. Rfe1 Rfe8 23. Rxd8 Rxd8 24. Rd1 Rxd1+ 25. Qxd1 Qa8 26. Qe2 Na5 27. Ne1 Bxg2 28. Nxg2 Qc6 29. Ne3 Qe4 30. c5 Qxe5 31. Qb5 Qxc5 32. Qxa4 g6 33. b4 Qc1+ 34. Kh2 Qc6 35. Qd1 Nb7 36. Ng4 h5 37. Nf6+ Kg7 38. Qa1 e5 39. Nxh5+ gxh5 40. Qxe5+ Qf6 41. Qxc7 Qxf2+ 42. Kh3 Qf1+ 43. Kh2 Qe2+ 44. Kg1 Qd1+ 45. Kh2 Nd6 46. Qxb6 Qd2+ 47. Kh1 Ne4 48. Qc7 Qe1+ 49. Kg2 Qe2+ 50. Kh1 Nf2+ 51. Kg1 Qe3 52. Kg2 Nd3 53. Qc3+ f6 54. Qc7+ Kg6 55. Qc2 Kh6 56. Kh2 Ne5 57. Qf5 Qe2+ 58. Kh3 Ng4 59. Qf4+ Kg6 0-1

[Event "Santo Domingo op11"]
[Site "Santo Domingo"]
[Date "2017.11.24"]
[Round "5"]
[White "Lorenzo De Los Santos, Luis L"]
[Black "Camacho Campusano, David Daniel"]
[Result "1/2-1/2"]
[WhiteElo "2109"]
[BlackElo "2146"]
[PlyCount "121"]
[EventDate "2017.11.17"]
[EventType "swiss"]
[EventRounds "8"]
[EventCountry "DOM"]
[SourceTitle "CBM 181 Extra"]
[Source "ChessBase"]
[SourceDate "2017.12.12"]
[SourceVersion "1"]
[SourceVersionDate "2017.12.12"]
[SourceQuality "1"]

1. d4 Nf6 2. c4 e6 3. Nf3 b6 4. g3 Bb7 5. Bg2 Be7 6. 0-0 0-0 7. d5 exd5 8. Nh4 c6 9. cxd5 Nxd5 10. Nf5 Nc7 11. e4 d5 12. Nc3 Bf6 13. Re1 Bc8 14. g4 Bxc3 15. bxc3 dxe4 16. Ba3 Re8 17. Nd6 Re6 18. Bxe4 Bd7 19. Qc2 g6 20. c4 Nba6 21. Rad1 Nc5 22. Bf3 Rxe1+ 23. Rxe1 Qf6 24. Qd1 N7e6 25. Re3 Nd4 26. Bxc5 bxc5 27. Ne4 Qf4 28. Bg2 Bxg4 29. Qxg4 Qxg4 30. Nf6+ Kg7 31. Nxg4 Rb8 32. h4 Rb1+ 33. Kh2 Rb2 34. Ra3 h5 35. Ne5 Rxf2 36. Nd3 Rc2 37. Nxc5 Rxc4 38. Ne4 Nb5 39. Rh3 Ra4 40. a3 Rxa3 41. Rxa3 Nxa3 42. Nc5 Nb5 43. Bxc6 Nd4 44. Bd5 f6 45. Ne4 a5 46. Kg3 Nf5+ 47. Kh3 a4 48. Nc3 a3 49. Nb5 g5 50. hxg5 fxg5 51. Nxa3 g4+ 52. Kh2 Ne3 53. Be4 Kf6 54. Nc2 Nf1+ 55. Kg2 Nd2 56. Bd5 Ke5 57. Bf7 h4 58. Ne3 h3+ 59. Kg3 Ne4+ 60. Kh2 Kf4 61. Nxg4 1/2-1/2

[Event "Santo Domingo op11"]
[Site "Santo Domingo"]
[Date "2017.11.19"]
[Round "4"]
[White "Araujo Sanchez, Josue"]
[Black "Lorenzo De Los Santos, Luis L"]
[Result "1/2-1/2"]
[WhiteElo "2051"]
[BlackElo "2109"]
[PlyCount "59"]
[EventDate "2017.11.17"]
[EventType "swiss"]
[EventRounds "8"]
[EventCountry "DOM"]
[SourceTitle "CBM 181 Extra"]
[Source "ChessBase"]
[SourceDate "2017.12.12"]
[SourceVersion "1"]
[SourceVersionDate "2017.12.12"]
[SourceQuality "1"]

1. e4 c5 2. Nf3 g6 3. d4 cxd4 4. Qxd4 Nf6 5. Nc3 Nc6 6. Qa4 Bg7 7. e5 Ng8 8. Bf4 f6 9. exf6 Nxf6 10. 0-0-0 0-0 11. Ng5 Qa5 12. Qb3+ e6 13. Nf3 Ne4 14. Bd2 Rxf3 15. gxf3 Nxd2 16. Rxd2 Nd4 17. Qc4 Nxf3 18. Re2 Qg5+ 19. Kd1 Bh6 20. Re3 a6 21. Qe4 Nh4 22. Bh3 a5 23. Rf1 Ra6 24. f4 Qh5+ 25. Kc1 Bg7 26. Qc4 Rc6 27. Qb5 Qxb5 28. Nxb5 Rb6 29. Na7 Bxb2+ 30. Kd1 1/2-1/2

[Event "DOM-chT"]
[Site "Santiago de los Caballeros"]
[Date "2017.08.19"]
[Round "4.1"]
[White "Reynoso Henriquez, Juan Bautista"]
[Black "Lorenzo De Los Santos, Luis L"]
[Result "1-0"]
[WhiteElo "2070"]
[BlackElo "2119"]
[PlyCount "121"]
[EventDate "2017.08.17"]
[EventType "team-swiss"]
[EventRounds "6"]
[EventCountry "DOM"]
[SourceTitle "EXT 2019"]
[Source "ChessBase"]
[SourceDate "2018.10.10"]
[SourceVersion "1"]
[SourceVersionDate "2018.10.10"]
[SourceQuality "1"]
[WhiteTeam "Duarte"]
[BlackTeam "San Cristobal"]
[WhiteTeamCountry "DOM"]
[BlackTeamCountry "DOM"]

1. e4 e5 2. d4 exd4 3. Qxd4 Nc6 4. Qe3 g6 5. Nc3 Bg7 6. Bd2 Nge7 7. Bc4 0-0 8. 0-0-0 a6 9. h4 b5 10. Bb3 Nd4 11. h5 Nxb3+ 12. axb3 d5 13. exd5 Nxd5 14. Nxd5 Qxd5 15. Bb4 Qxg2 16. Bxf8 Bxf8 17. Ne2 Bf5 18. hxg6 hxg6 19. Ng3 Be6 20. Ne4 f5 21. Nc5 Bf7 22. Nd7 Bg7 23. Qe7 Qc6 24. Ne5 Qe8 25. Qxf7+ Qxf7 26. Nxf7 Kxf7 27. Rd7+ Kg8 28. Rxc7 Bd4 29. f3 a5 30. c4 bxc4 31. Rxc4 Be3+ 32. Kc2 Kg7 33. Rd1 Bf2 34. b4 axb4 35. Rxb4 Ra6 36. f4 Kf6 37. Rf1 Ba7 38. Rb5 Re6 39. Rd5 Be3 40. Kd3 Bb6 41. b4 Re3+ 42. Kc4 Re4+ 43. Kc3 Be3 44. b5 Bxf4 45. b6 Be5+ 46. Kb3 Re2 47. Rb1 Bh2 48. Kc3 Re8 49. Kd3 g5 50. b7 g4 51. Rc5 Rd8+ 52. Ke2 f4 53. Rb6+ Kf7 54. Rc7+ Ke8 55. Re6+ Kf8 56. Rc8 f3+ 57. Kf2 Kf7 58. Rxd8 Kxe6 59. b8Q Bxb8 60. Rxb8 Kf5 61. Kg3 1-0

[Event "DOM-ch"]
[Site "Santo Domingo"]
[Date "2017.04.30"]
[Round "8"]
[White "Martinez Castillo, Julio Antonio"]
[Black "Lorenzo De Los Santos, Luis L"]
[Result "1/2-1/2"]
[WhiteElo "2164"]
[BlackElo "2118"]
[PlyCount "40"]
[EventDate "2017.04.21"]
[EventType "swiss"]
[EventRounds "11"]
[EventCountry "DOM"]
[SourceTitle "CBM 178 Extra"]
[Source "ChessBase"]
[SourceDate "2017.06.22"]
[SourceVersion "1"]
[SourceVersionDate "2017.06.22"]
[SourceQuality "1"]

1. e4 e5 2. Nf3 Nf6 3. Nxe5 d6 4. Nf3 Nxe4 5. d4 Be7 6. Bd3 d5 7. 0-0 Nc6 8. Re1 Bf5 9. c4 Nb4 10. Bf1 0-0 11. a3 Nc6 12. cxd5 Qxd5 13. Nc3 Nxc3 14. bxc3 Rfe8 15. Bf4 Bd6 16. Bxd6 cxd6 17. Rxe8+ Rxe8 18. Bd3 Bxd3 19. Qxd3 Qe4 20. Qxe4 Rxe4 1/2-1/2

[Event "Santo Domingo Autumn op"]
[Site "Santo Domingo"]
[Date "2016.10.07"]
[Round "3"]
[White "Arvelo Leo, Gian Carlo"]
[Black "Lorenzo De Los Santos, Luis L"]
[Result "1/2-1/2"]
[WhiteElo "2132"]
[BlackElo "2089"]
[PlyCount "75"]
[EventDate "2016.10.07"]
[EventType "swiss"]
[EventRounds "8"]
[EventCountry "DOM"]
[SourceTitle "CBM 175 Extra"]
[Source "ChessBase"]
[SourceDate "2016.12.12"]
[SourceVersion "1"]
[SourceVersionDate "2016.12.12"]
[SourceQuality "1"]

1. c4 Nf6 2. g3 e5 3. Bg2 d5 4. cxd5 Nxd5 5. Nc3 Nb6 6. Nf3 Nc6 7. 0-0 Be7 8. d3 g5 9. a3 a5 10. b3 g4 11. Nd2 h5 12. Nc4 Be6 13. Bb2 h4 14. Bxc6+ bxc6 15. Nxe5 hxg3 16. hxg3 Rh3 17. Qc2 c5 18. e4 Bd6 19. Ne2 Qg5 20. Nf4 Bxe5 21. Nxh3 gxh3 22. Kh2 Bxb2 23. Qxb2 0-0-0 24. Qc3 Rg8 25. Rac1 c4 26. d4 Qg4 27. Rfe1 Rg6 28. d5 Bxd5 29. exd5 Nxd5 30. Qxc4 Qf3 31. Qe4 Qxf2+ 32. Kh1 Re6 33. Qxd5 Rxe1+ 34. Rxe1 Qxe1+ 35. Kh2 Qf1 36. Qa8+ Kd7 37. Qd5+ Kc8 38. Qa8+ 1/2-1/2

[Event "Santo Domingo Gesta Catorce op"]
[Site "Santo Domingo"]
[Date "2016.07.02"]
[Round "6"]
[White "Eusebio Perez, Hector Eduardo"]
[Black "Lorenzo De Los Santos, Luis L"]
[Result "0-1"]
[WhiteElo "2143"]
[BlackElo "2070"]
[PlyCount "88"]
[EventDate "2016.06.24"]
[EventType "swiss"]
[EventRounds "8"]
[EventCountry "DOM"]
[SourceTitle "EXT 2017"]
[Source "ChessBase"]
[SourceDate "2016.10.25"]
[SourceVersion "1"]
[SourceVersionDate "2016.10.25"]
[SourceQuality "1"]

1. e4 e5 2. Nf3 Nf6 3. Nxe5 d6 4. Nf3 Nxe4 5. Nc3 Nxc3 6. dxc3 Be7 7. Bf4 Nc6 8. Qd2 Be6 9. 0-0-0 h6 10. Bd3 Qd7 11. Kb1 a6 12. Be4 Bf6 13. Rhe1 0-0-0 14. Bd5 Rhe8 15. h3 Bf5 16. a3 Ne5 17. Nd4 Bg6 18. Bxe5 dxe5 19. Nb3 Qb5 20. a4 Qb6 21. Qe2 Rxd5 22. Qg4+ Kb8 23. Rxd5 Qxb3 24. Rd2 Qb6 25. Qc4 Re6 26. b4 Rc6 27. Qb3 e4 28. c4 a5 29. b5 Rd6 30. Red1 Rxd2 31. Rxd2 Qc5 32. Ka2 Qe5 33. c3 Qxc3 34. Rd8+ Ka7 35. Qxc3 Bxc3 36. c5 Bb4 37. Rd5 f5 38. Kb2 f4 39. Re5 b6 40. Re7 Bxc5 41. Rxc7+ Kb8 42. Rd7 Kc8 43. Ra7 Bxf2 44. Kc3 e3 0-1

[Event "Santo Domingo Gesta Catorce op"]
[Site "Santo Domingo"]
[Date "2016.07.02"]
[Round "7"]
[White "Lorenzo De Los Santos, Luis L"]
[Black "De Los Santos Nunez, Eddy"]
[Result "0-1"]
[WhiteElo "2070"]
[BlackElo "2104"]
[PlyCount "106"]
[EventDate "2016.06.24"]
[EventType "swiss"]
[EventRounds "8"]
[EventCountry "DOM"]
[SourceTitle "EXT 2017"]
[Source "ChessBase"]
[SourceDate "2016.10.25"]
[SourceVersion "1"]
[SourceVersionDate "2016.10.25"]
[SourceQuality "1"]

1. d4 Nf6 2. Nf3 g6 3. c4 Bg7 4. Nc3 d5 5. Qb3 dxc4 6. Qxc4 c6 7. e4 0-0 8. Be2 Nbd7 9. 0-0 Nb6 10. Qb3 Be6 11. Qc2 Bc4 12. a4 Bxe2 13. Qxe2 a5 14. Rd1 Qc7 15. e5 Nfd5 16. Ne4 h6 17. Ne1 f6 18. Nc5 Qc8 19. Ned3 f5 20. f4 Ra7 21. Qc2 Na8 22. Bd2 Nac7 23. Nb3 Ne6 24. g3 b6 25. Rac1 Rc7 26. Kf2 Qe8 27. h4 g5 28. hxg5 hxg5 29. Rh1 Qg6 30. Rcg1 Kf7 31. Qc4 Ke8 32. Qa6 Kd7 33. Bxa5 bxa5 34. Nbc5+ Nxc5 35. Nxc5+ Ke8 36. Qxa5 Kf7 37. Qd2 Bh6 38. a5 Rg8 39. Qc2 e6 40. a6 Bg7 41. Qb3 Bf8 42. Nb7 Bb4 43. Qc2 Ra8 44. Qc4 Bd2 45. Kf3 Be3 46. Nd6+ Ke7 47. Rg2 Rg8 48. Qc5 Kd7 49. Nc4 gxf4 50. Qd6+ Kc8 51. Rh4 Bxd4 52. Qa3 Rh7 53. Rxh7 Qg4# 0-1